[Event "31st Roquetas de Mar Open 2020"]
[Site "Roquetas de Mar"]
[Date "2020.01.05"]
[Round "5.6"]
[White "Klekowski, Maciej"]
[Black "Suarez Uriel, Adrian"]
[Result "1/2-1/2"]
[WhiteElo "2515"]
[BlackElo "2362"]
[Annotator "ChessBase"]
[PlyCount "111"]
[EventDate "2020.01.02"]
[EventType "swiss"]
[EventCountry "ESP"]
[SourceTitle "playchess.com"]
[Source "ChessBase"]
[SourceQuality "1"]
[TimeControl "5400+30"]

1. c4 {[%emt 0:02:07]} e5 {[%emt 0:00:00]} 2. Nc3 {[%emt 0:00:08]} Nf6 {[%emt 0:00:00]} 3. g3 {[%emt 0:02:58]} d5 {[%emt 0:00:00]} 4. cxd5 {[%emt 0:00:04]} Nxd5 {[%emt 0:00:04]} 5. Bg2 {[%emt 0:00:05]} Nb6 {[%emt 0:00:03]} 6. d3 {[%emt 0:00:05]} Be7 {[%emt 0:00:28]} 7. Be3 {[%emt 0:03:19]} O-O {[%emt 0:00:18]} 8. Rc1 {[%emt 0:00:07]} Nc6 {[%emt 0:05:19]} 9. Bxc6 {[%emt 0:00:52]} bxc6 {[%emt 0:03:46]} 10. Nf3 {[%emt 0:18:19]} Bd6 {[%emt 0:06:07]} 11. Ne4 {[%emt 0:06:44]} Nd5 {[%emt 0:08:25]} 12. Bc5 {[%emt 0:12:33]} f5 {[%emt 0:04:32]} 13. Ned2 {[%emt 0:00:43]} Rb8 {[%emt 0:13:31]} 14. Qa4 {[%emt 0:00:59]} Qe7 {[%emt 0:10:03]} 15. d4 {[%emt 0:26:20]} exd4 {[%emt 0:10:12]} 16. Qxd4 {[%emt 0:06:26]} Bxc5 {[%emt 0:01:43]} 17. Qxc5 {[%emt 0:00:27]} Qxc5 {[%emt 0:00:18]} 18. Rxc5 {[%emt 0:00:04]} Rxb2 {[%emt 0:00:08]} 19. O-O {[%emt 0:03:07]} Ba6 {[%emt 0:05:58]} 20. Rxc6 {[%emt 0:02:05]} Bxe2 {[%emt 0:00:11]} 21. Re1 {[%emt 0:00:06]} Bb5 {[%emt 0:00:34]} 22. Rc5 {[%emt 0:00:35]} c6 {[%emt 0:00:10]} 23. a3 {[%emt 0:04:49]} f4 {[%emt 0:05:37]} 24. g4 {[%emt 0:00:05]} Ra2 {[%emt 0:00:18]} 25. Nb1 {[%emt 0:02:52]} Be2 {[%emt 0:05:23]} 26. Kg2 {[%emt 0:00:54]} Rb8 {[%emt 0:01:01]} 27. Nd4 {[%emt 0:01:18]} f3+ {[%emt 0:00:42]} 28. Kg3 {[%emt 0:00:01]} Nf6 {[%emt 0:01:59]} 29. Nc3 {[%emt 0:02:14]} Rxa3 {[%emt 0:00:14]} 30. Kh3 {[%emt 0:01:01]} Nd7 {[%emt 0:04:36]} 31. Rxc6 {[%emt 0:00:45]} Ne5 {[%emt 0:00:01]} 32. Rc7 {[%emt 0:01:00]} Nd3 {[%emt 0:00:10]} 33. Rg1 {[%emt 0:01:17]} Nxf2+ {[%emt 0:00:21]} 34. Kh4 {[%emt 0:00:01]} Re8 {[%emt 0:08:37]} 35. Rb1 {[%emt 0:01:33]} Ra6 {[%emt 0:01:46]} 36. Nf5 {[%emt 0:00:33]} Kh8 {[%emt 0:02:44]} 37. Re7 {[%emt 0:00:52]} Rg8 {[%emt 0:01:02]} 38. Nxe2 {[%emt 0:00:24]} fxe2 {[%emt 0:00:25]} 39. Rxe2 {[%emt 0:00:16]} Nd3 {[%emt 0:00:07]} 40. Re3 {[%emt 0:00:20]} Nf4 {[%emt 0:00:16]} 41. Kg3 {[%emt 0:00:11]} Nd5 {[%emt 0:00:21]} 42. Rd3 {[%emt 0:00:06]} Nf6 {[%emt 0:01:06]} 43. g5 {[%emt 0:01:36]} Ne4+ {[%emt 0:00:17]} 44. Kf4 {[%emt 0:00:05]} Ra4 {[%emt 0:00:43]} 45. Rd4 {[%emt 0:00:10]} Rxd4 {[%emt 0:00:06]} 46. Nxd4 {[%emt 0:00:03]} Nc5 {[%emt 0:00:08]} 47. Ke5 {[%emt 0:01:20]} Re8+ {[%emt 0:01:17]} 48. Kd6 {[%emt 0:00:23]} Ne4+ {[%emt 0:00:23]} 49. Kd7 {[%emt 0:00:03]} Ra8 {[%emt 0:00:09]} 50. Ne6 {[%emt 0:00:37]} a5 {[%emt 0:00:26]} 51. Re1 {[%emt 0:00:05]} Nc3 {[%emt 0:00:51]} 52. Nd8 {[%emt 0:00:26]} Ra7+ {[%emt 0:01:35]} 53. Kd6 {[%emt 0:00:45]} Ra6+ {[%emt 0:00:11]} 54. Kc5 {[%emt 0:01:32]} h6 {[%emt 0:00:02]} 55. Kc4 {[%emt 0:00:08]} Na2 {[%emt 0:01:37]} 56. gxh6 {[%emt 0:00:53]} 1/2-1/2

[Event "31st Roquetas de Mar Open 2020"]
[Site "Roquetas de Mar"]
[Date "2020.01.05"]
[Round "5.7"]
[White "Sivuk, Vitaly"]
[Black "Rojas Keim, Luis"]
[Result "1-0"]
[WhiteElo "2579"]
[BlackElo "2371"]
[Annotator "TA"]
[PlyCount "61"]
[EventDate "2020.01.02"]
[EventType "swiss"]
[EventCountry "ESP"]
[SourceTitle "playchess.com"]
[Source "ChessBase"]
[SourceQuality "1"]

{[%evp 18,61,43,45,45,45,47,56,66,35,48,27,30,23,75,67,58,64,78,62,101,90,108,42,204,208,213,195,386,365,383,396,703,714,1114,1103,1355,1342,29992,29993,29995,29996,29996,29997,29997,29998]} 1. d4 Nf6 2. c4 e6 3. Nc3 c5 4. d5 exd5 5. cxd5 d6 6. e4 g6 7. f4 Bg7 8. Bb5+ Nfd7 9. Bd3 Qh4+ 10. g3 Qe7 {A67: Modern Benoni: Taimanov Variation} 11. Nf3 O-O 12. O-O Nb6 {White is slightly better.} (12... Na6 13. Re1 Nc7 14. Kg2 b5 15. e5 c4 16. Bc2 Bb7 17. Ne4 Ne8 18. Be3 {½-½ (42) Van Wely,L (2674)-Ernst,S (2546) Amsterdam 2018}) 13. Kg2 Bg4 14. h3 Bxf3+ 15. Qxf3 N8d7 (15... Na6 $11) 16. Bd2 $36 {[%mdl 2048] White is pushing.} c4 17. Bc2 Nc5 18. h4 $146 ({Predecessor:} 18. Rae1) 18... h5 19. Rae1 Nbd7 20. g4 ({White should try} 20. Qe2 $16) 20... Qxh4 $2 {[#]} ({Black should play} 20... Nf6 $14) 21. gxh5 $18 gxh5 22. Nb5 Qf6 $2 (22... f5 {might work better.}) 23. Bc3 Qg6+ 24. Kh1 Bxc3 $2 (24... Qg4 25. Bxg7 Qh4+ 26. Kg2 Kxg7) 25. bxc3 Nf6 26. e5 {[%mdl 64] [#] Discovered Attack} Qxc2 27. exf6 {White threatens f5 and mate.} Nd7 28. Rg1+ {White mates.} Kh8 29. Qxh5+ Qh7 30. Qxh7+ Kxh7 31. Re2 {Accuracy: White = 65%, Black = 25%.} 1-0

[Event "31st Roquetas de Mar Open 2020"]
[Site "Roquetas de Mar"]
[Date "2020.01.05"]
[Round "5.8"]
[White "Bobadilla Viera, Jorge Samuel"]
[Black "Vazquez Igarza, Renier"]
[Result "0-1"]
[WhiteElo "2348"]
[BlackElo "2552"]
[Annotator "TA"]
[PlyCount "46"]
[EventDate "2020.01.02"]
[EventType "swiss"]
[EventCountry "ESP"]
[SourceTitle "playchess.com"]
[Source "ChessBase"]
[SourceQuality "1"]

{[%evp 15,46,22,36,0,0,0,0,0,0,0,-5,0,0,-60,-56,-164,-165,-261,-202,-199,-195,-196,-186,-593,-195,-764,-662,-808,-836,-797,-786,-757,-695]} 1. e4 c5 2. Nf3 d6 3. d4 cxd4 4. Nxd4 Nf6 5. Nc3 Bd7 6. Bg5 e6 7. Qf3 a6 8. O-O-O Nc6 9. Qg3 {B95: Sicilian Najdorf: 6 Bg5 e6, unusual White 7th moves} (9. Kb1 Be7 10. Be2 h6 11. Bc1 b5 12. a3 Rc8 13. Qg3 Kf8 14. f4 Qc7 15. Nxc6 Bxc6 16. Bd3 d5 17. exd5 Nxd5 18. Nxd5 Bxd5 {½-½ (31) Pessoa,F (2536)-Olivotto,L (2571) ICCF email 2010}) 9... Nxd4 10. Rxd4 h6 11. Be3 {The position is equal.} Rc8 12. f4 $146 ({Predecessor:} 12. Be2 Qa5 13. Kb1 b5 14. e5 dxe5 15. Qxe5 Qc7 16. Qxc7 Rxc7 {1-0 (64) De Pinho,J (2400)-Moura,N (2128) ICCF email 2011}) 12... Rxc3 13. bxc3 Qa5 14. Bc4 ({Better is} 14. Bd3 $11) 14... d5 15. Bd3 (15. exd5 $15 exd5 16. Bd3) 15... dxe4 $19 16. f5 (16. Bc4 $142) 16... e5 ({Weaker is} 16... Qxc3 17. Qb8+ Qc8 18. Qxc8+ Bxc8 19. Bxe4 $15) 17. Rxe4 Nxe4 18. Bxe4 Qxc3 {[#] Hoping for ...Qa1+.} 19. Bd3 $2 (19. Bb6 {is a better chance.} Qa1+ 20. Kd2 Bb4+ 21. c3 Qxa2+ 22. Bc2 Qd5+ 23. Ke1) 19... Ba4 $2 (19... Qa1+ 20. Kd2 Bb4+ 21. Ke2 Qxh1 22. Qxe5+ Kf8 23. Qb8+ Be8 24. Qxb7 Qe1+ 25. Kf3 Qd1+ 26. Be2 Qd6) 20. Bf4 $2 (20. Kb1) 20... Qa3+ {Black is clearly winning.} 21. Kd1 exf4 22. Re1+ Kd8 23. Qf3 Bd6 {Accuracy: White =  2%, Black = 71%.} 0-1

[Event "31st Roquetas de Mar Open 2020"]
[Site "Roquetas de Mar"]
[Date "2020.01.05"]
[Round "5.9"]
[White "Maiorov, Nikita"]
[Black "Malovanyi, Yulian"]
[Result "1-0"]
[WhiteElo "2519"]
[BlackElo "2360"]
[Annotator "TA"]
[PlyCount "53"]
[EventDate "2020.01.02"]
[EventType "swiss"]
[EventCountry "ESP"]
[SourceTitle "playchess.com"]
[Source "ChessBase"]
[SourceQuality "1"]

{[%evp 21,53,12,50,44,47,12,176,169,175,170,168,168,168,176,376,370,448,443,447,379,379,379,351,364,335,197,329,272,739,721,895,860,1077,1066]} 1. d4 Nf6 2. c4 e6 3. Nf3 Bb4+ 4. Nc3 O-O 5. e3 d5 6. Bd3 c5 7. O-O cxd4 8. exd4 dxc4 9. Bxc4 b6 10. Qe2 Bb7 11. Bg5 Be7 12. Rad1 {E54: Nimzo-Indian: Rubinstein: Main Line: 7...dxc4 8 Bxc4} Nc6 13. Rfe1 {And now d5 would win.} (13. Bxe6 $5 fxe6 14. Qxe6+ Rf7 15. d5 Nxd5 16. Rxd5 $16) 13... Nd5 $2 (13... Na5 $1 $11) 14. Bxd5 $1 $18 {White is clearly better.} Bxg5 {[#]} 15. Be4 $1 {Hoping for d5.} Bf6 16. d5 exd5 17. Bxd5 Qb8 $2 {[#]} (17... Qd7 18. Be4 Qg4) 18. Ne4 $1 {[%cal Re4f6]} Na5 19. Nxf6+ gxf6 {[#]} 20. Qe4 $146 Bxd5 21. Rxd5 {White wants to mate with Rh5.} Re8 22. Qg4+ Kh8 23. Red1 $40 {[%mdl 128] White has strong attack.} (23. Rc1 $142) 23... Rg8 (23... Nc6 $142 24. Rd6 Ne5 25. Nxe5 Rxe5 26. Rxf6 Qb7) 24. Qd4 Rg6 $2 (24... Qf8 25. Qxf6+ Qg7 26. Qxg7+ Rxg7 27. Rd8+ Rg8) 25. Nh4 {White is clearly winning.} Kg7 26. Nxg6 {Ne7 would kill now.} hxg6 27. Rd6 {Accuracy: White = 80%, Black = 24%.} 1-0

[Event "31st Roquetas de Mar Open 2020"]
[Site "Roquetas de Mar"]
[Date "2020.01.05"]
[Round "5.10"]
[White "Kiselev, Pavel"]
[Black "Shariyazdanov, Andrey"]
[Result "1/2-1/2"]
[WhiteElo "2303"]
[BlackElo "2519"]
[Annotator "ChessBase"]
[PlyCount "98"]
[EventDate "2020.01.02"]
[EventType "swiss"]
[EventCountry "ESP"]
[SourceTitle "playchess.com"]
[Source "ChessBase"]
[SourceQuality "1"]
[TimeControl "5400+30"]

1. d4 {[%emt 0:00:00]} Nf6 {[%emt 0:02:27]} 2. Nf3 {[%emt 0:00:41]} b6 {[%emt 0:00:10]} 3. c4 {[%emt 0:00:24]} Bb7 {[%emt 0:01:50]} 4. g3 {[%emt 0:06:56]} e6 {[%emt 0:05:55]} 5. Bg2 {[%emt 0:00:05]} Bb4+ {[%emt 0:00:19]} 6. Nbd2 {[%emt 0:00:03]} Be7 {[%emt 0:00:51]} 7. O-O {[%emt 0:00:16]} c5 {[%emt 0:00:12]} 8. d5 {[%emt 0:09:31]} exd5 {[%emt 0:03:46]} 9. Nh4 {[%emt 0:00:09]} O-O {[%emt 0:08:41]} 10. Nb1 {[%emt 0:06:18]} Ne4 {[%emt 0:06:43]} 11. cxd5 {[%emt 0:07:41]} Bxh4 {[%emt 0:00:14]} 12. Bxe4 {[%emt 0:00:10]} Bf6 {[%emt 0:00:05]} 13. Nc3 {[%emt 0:01:28]} d6 {[%emt 0:02:21]} 14. Bg2 {[%emt 0:05:44]} Nd7 {[%emt 0:01:05]} 15. Ne4 {[%emt 0:02:15]} Be7 {[%emt 0:00:26]} 16. Bf4 {[%emt 0:00:53]} Nf6 {[%emt 0:00:41]} 17. Nc3 {[%emt 0:00:48]} Re8 {[%emt 0:00:20]} 18. Qc2 {[%emt 0:09:07]} Bf8 {[%emt 0:02:46]} 19. Rad1 {[%emt 0:00:56]} a6 {[%emt 0:03:17]} 20. a4 {[%emt 0:00:07]} g6 {[%emt 0:00:18]} 21. h3 {[%emt 0:01:41]} Bg7 {[%emt 0:03:33]} 22. g4 {[%emt 0:02:20]} Bc8 {[%emt 0:01:45]} 23. Qd3 {[%emt 0:04:04]} h5 {[%emt 0:11:42]} 24. g5 {[%emt 0:03:01]} Nd7 {[%emt 0:00:14]} 25. Qg3 {[%emt 0:03:46]} Ne5 {[%emt 0:01:58]} 26. Bc1 {[%emt 0:00:32]} b5 {[%emt 0:05:34]} 27. axb5 {[%emt 0:00:39]} axb5 {[%emt 0:00:04]} 28. Nxb5 {[%emt 0:00:44]} Qb6 {[%emt 0:01:41]} 29. Nc3 {[%emt 0:00:43]} Bf5 {[%emt 0:01:18]} 30. Be4 {[%emt 0:05:10]} Bd7 {[%emt 0:02:58]} 31. Bc2 {[%emt 0:01:42]} Qb4 {[%emt 0:03:11]} 32. Ne4 {[%emt 0:10:31]} Bf5 {[%emt 0:01:01]} 33. Nf6+ {[%emt 0:00:07]} Bxf6 {[%emt 0:00:19]} 34. Bxf5 {[%emt 0:00:03]} Bg7 {[%emt 0:00:32]} 35. Bc2 {[%emt 0:00:18]} Nc4 {[%emt 0:06:03]} 36. b3 {[%emt 0:03:21]} Na3 {[%emt 0:00:16]} 37. Bd3 {[%emt 0:00:49]} Qxb3 {[%emt 0:02:11]} 38. Qxd6 {[%emt 0:00:40]} c4 {[%emt 0:02:35]} 39. Bxa3 {[%emt 0:00:57]} Rxa3 {[%emt 0:02:33]} 40. Qc6 {[%emt 0:02:55]} Re5 {[%emt 0:01:52]} 41. Qxc4 {[%emt 0:00:15]} Rxg5+ {[%emt 0:02:26]} 42. Kh2 {[%emt 0:00:03]} Rxd5 {[%emt 0:02:12]} 43. Qxb3 {[%emt 0:01:44]} Rxb3 {[%emt 0:00:03]} 44. f4 {[%emt 0:00:15]} Rd4 {[%emt 0:02:00]} 45. Rc1 {[%emt 0:02:27]} Rb2 {[%emt 0:02:56]} 46. Rc8+ {[%emt 0:01:03]} Kh7 {[%emt 0:00:08]} 47. Kg3 {[%emt 0:00:10]} Bh6 {[%emt 0:02:43]} 48. f5 {[%emt 0:01:42]} h4+ {[%emt 0:00:47]} 49. Kf3 {[%emt 0:00:05]} Rf4+ {[%emt 0:01:46] Ke4} 1/2-1/2

[Event "31st Roquetas de Mar Open 2020"]
[Site "Roquetas de Mar"]
[Date "2020.01.05"]
[Round "5.11"]
[White "Espinosa Aranda, Angel"]
[Black "Aranha Filho, Alvaro Z."]
[Result "1-0"]
[WhiteElo "2504"]
[BlackElo "2340"]
[Annotator "TA"]
[PlyCount "119"]
[EventDate "2020.01.02"]
[EventType "swiss"]
[EventCountry "ESP"]
[SourceTitle "playchess.com"]
[Source "ChessBase"]
[SourceQuality "1"]

{[%evp 16,119,13,14,20,11,12,2,18,0,0,0,0,-6,0,0,0,-4,50,50,50,50,50,29,20,25,49,49,154,155,166,26,60,0,0,0,0,0,0,0,0,0,0,0,0,0,0,0,0,0,0,0,0,-31,-37,-20,0,0,0,0,0,0,18,0,0,0,0,0,0,0,0,0,0,0,8,0,0,-78,-76,-161,-157,-236,-225,-215,-200,-121,0,0,29977,29944,29990,29991,29991,29992,29993,29990,29991,29992,29992,29992,29992,29993,29993,29988,29997,29998]} 1. Nf3 d5 2. b3 Nf6 3. Bb2 Bf5 4. g3 h6 5. Bg2 e6 6. O-O Be7 7. d3 O-O 8. Nbd2 a5 9. a4 c6 {A07: Réti Opening: New York and Capablanca Systems} 10. Re1 Bh7 11. e4 Na6 {The position is equal.} 12. e5 (12. Qe2 Nb4 13. Rec1 Re8 14. h3 Qb6 15. e5 Nd7 16. Ne1 c5 17. Kh2 f6 18. exf6 Bxf6 19. Bxf6 Nxf6 {1-0 (48) Sjugirov,S (2677)-Burmakin,V (2494) St Petersburg 2018}) 12... Nd7 13. Nd4 Nb4 14. f4 Nc5 15. Rf1 $146 ({Predecessor:} 15. Bf1 Qd7 16. Bc3 b5 17. Bxb4 axb4 18. axb5 cxb5 {1-0 (51) Zaitsev,V (2408)-Romanov,E (2408) Serpukhov 2004}) 15... Qb6 16. N2f3 Nxc2 (16... Nca6 $11) 17. Qxc2 $14 Bxd3 18. Qc3 Bxf1 19. Rxf1 Ne4 20. Qe3 Qa7 21. Kh1 Bb4 (21... Qb6 $14) 22. f5 $1 $16 exf5 23. Qf4 (23. Nh4 $18) 23... Rae8 $11 24. Nxf5 (24. Bc1 $14) 24... Nf2+ 25. Rxf2 $1 Qxf2 {[#]} 26. Qg4 $1 {[%csl Gf5][%cal Rg4g7][%mdl 512]} g6 27. Nxh6+ Kg7 $1 28. Nf5+ $1 Kg8 29. Nh6+ Kg7 $1 30. Nf5+ $1 Kg8 31. Bd4 Qc2 32. Qh4 $1 Qc1+ (32... Qxf5 $2 33. Ng5 $18) 33. Bg1 $1 Bc5 $1 {[%cal Rc5g1]} ({Wrong is} 33... gxf5 $2 34. Ng5 $18) 34. N5d4 Be7 35. Qg4 Bc5 36. h4 Kg7 37. Kh2 {Hoping for Nf5+.} f5 38. Qg5 f4 (38... Qxg5 {looks sharper.} 39. Nxg5 Kg8 40. Nde6 Bxg1+ 41. Kxg1 Rf7) 39. gxf4 {aiming for Ne2.} Qxf4+ 40. Qxf4 Rxf4 {[#]} 41. Ne6+ $1 {[%mdl 512]} Rxe6 42. Bxc5 Re8 43. Kg3 Re4 44. Bh3 Kg8 45. Bd6 Re3 46. Bg4 (46. Kf4 $11 {remains equal.} Re4+ 47. Kg5) 46... Rxb3 $17 47. Kf4 {[#]} (47. h5 $17 {was worth a try.}) 47... Rf8+ $1 $19 48. Bxf8 (48. Kg3 $17 {was necessary.}) 48... Kxf8 49. e6 Rb4+ 50. Kg5 {Strongly threatening Ne5.} Rxa4 ({Black should try} 50... Re4 $1 $17 {White must now prevent ...Ke7.} 51. h5 gxh5) 51. Ne5 $11 {[#]} Re4 $2 {[%mdl 8192]} (51... Rxg4+ $1 $11 {[%mdl 512]} 52. Nxg4 Ke7 53. Kxg6 a4) 52. Nxg6+ {White mates.} Kg8 53. Bf5 Re1 54. Kf6 a4 55. Ne5 a3 56. e7 {[%cal Re7e8]} Rxe5 57. Kxe5 Kf7 {[#]} 58. Kd6 $1 a2 59. Bg6+ Kg7 60. e8=Q {Accuracy: White = 58%, Black = 56%.} 1-0

[Event "31st Roquetas de Mar Open 2020"]
[Site "Roquetas de Mar"]
[Date "2020.01.05"]
[Round "5.12"]
[White "Sadzikowski, Daniel"]
[Black "Ortin Blanco, Inigo"]
[Result "1-0"]
[WhiteElo "2501"]
[BlackElo "2301"]
[Annotator "TA"]
[PlyCount "63"]
[EventDate "2020.01.02"]
[EventType "swiss"]
[EventCountry "ESP"]
[SourceTitle "playchess.com"]
[Source "ChessBase"]
[SourceQuality "1"]

{[%evp 9,63,24,31,29,29,14,14,22,41,20,30,22,6,34,24,22,42,0,0,0,45,45,45,45,45,28,37,45,31,34,48,45,213,220,270,268,297,306,361,348,486,487,489,477,532,500,605,601,625,629,640,641,640,579,678,663]} 1. d4 d5 2. c4 e6 3. Nc3 {[%cal Bb1c3,Bc3d5,Bd5b6][%mdl 32]} a6 4. cxd5 exd5 5. Qb3 (5. Nf3 c6 6. Bf4 Bd6 7. Bg3 Ne7 8. e3 O-O 9. Qb3 Ra7 10. Be2 a5 11. a3 Nf5 12. Bd3 Nxg3 13. hxg3 {½-½ (28) Dubov,D (2690)-Vallejo Pons,F (2704) Moscow 2019}) 5... c5 6. Nxd5 {Strongly threatening Bf4. D31: Queen's Gambit Declined: Semi-Slav without ...Nf6 (+ Marshall Gambit and Noteboom) and Exchange Variation lines without ...Nf6} Nc6 {[%cal Bb8c6,Bc6d4,Bd4c2][%mdl 32]} 7. Bg5 Nge7 $146 ({Predecessor:} 7... f6 8. Be3 cxd4 9. Bd2 Bc5 10. Rc1 Ba7 11. Nh3 Nge7 12. Nhf4 Nxd5 13. Nxd5 {½-½ (61) Sadzikowski,D (2504)-Garcia Martin,M (2306) Sitges 2019}) 8. Nb6 {The position is equal.} Nxd4 9. Qa4+ Bd7 $1 {[%cal Rd7a4]} 10. Qxd7+ Qxd7 11. Nxd7 {And now Nb6 would win.} Nc2+ {[%mdl 64] Double Attack} 12. Kd1 Nxa1 13. Nb6 Rd8+ 14. Kc1 {[#]} c4 $1 15. Nf3 (15. Nxc4 b5) 15... Rd6 16. Nxc4 Rc6 17. Nfe5 $36 {[%mdl 2048] White has good play.} Rc7 $1 18. Kb1 {Black must now prevent Nd6+.} Ng6 19. Nxg6 ({Reject} 19. Kxa1 Nxe5 20. Nxe5 f6 $17) 19... hxg6 20. e4 b5 $2 {[#]} ({Black should play} 20... Nc2 $1 $14) 21. Ne3 $1 $18 Bd6 22. Nd5 Rc2 {[#]} 23. Be3 $1 ({Weaker is} 23. Kxa1 Rxf2 24. h3 Be5 $16) 23... Be5 24. Kxa1 g5 25. Nb4 {White is clearly winning.} Rc8 26. Kb1 O-O 27. Bxg5 a5 28. Nd5 Rb8 29. Ne7+ Kh8 30. Nc6 {[%mdl 64] Double Attack} Rbe8 31. Be7 Rg8 32. Bxb5 {Accuracy: White = 88%, Black = 35%.} 1-0

[Event "31st Roquetas de Mar Open 2020"]
[Site "Roquetas de Mar"]
[Date "2020.01.05"]
[Round "5.13"]
[White "Marin, Mihail"]
[Black "Moreto Quintana, Alex"]
[Result "1/2-1/2"]
[WhiteElo "2496"]
[BlackElo "2165"]
[Annotator "RC"]
[PlyCount "194"]
[EventDate "2020.01.02"]
[EventType "swiss"]
[EventCountry "ESP"]
[SourceTitle "playchess.com"]
[Source "ChessBase"]
[SourceQuality "1"]
[TimeControl "5400+30"]

1. c4 e5 2. g3 Nf6 3. Bg2 d5 4. cxd5 Nxd5 5. Nc3 Nb6 6. Nf3 Nc6 7. O-O Be7 8. b3 Be6 9. Bb2 Qd7 10. Rc1 f5 11. e4 O-O 12. d3 Rad8 13. exf5 Bxf5 14. Ne4 Bg4 15. h3 Bxh3 16. Nxe5 Nxe5 17. Bxe5 c6 18. d4 Bxg2 19. Kxg2 Qf5 20. Qe2 Rfe8 21. f4 Nd5 22. g4 Qg6 23. f5 Qf7 24. Qf3 Bf6 25. Bxf6 Nxf6 26. Ng5 Qd5 27. Ne6 Nxg4 28. Kg3 h5 29. Rce1 Qxf3+ 30. Rxf3 Rxd4 31. Rh1 Rd2 32. Rxh5 Nf6 33. Rh1 Rxa2 34. Kf4 Re2 35. Rfh3 Nd5+ 36. Kg4 Re4+ 37. Kg5 Nf6 38. Kg6 Rg4+ 39. Ng5 Kf8 40. Rh8+ Ke7 41. Re1+ Kd7 42. Rhxe8 Nxe8 43. Re4 Rxe4 44. Nxe4 b6 45. Ng5 a5 46. Ne6 b5 47. Nxg7 Nxg7 48. Kxg7 a4 49. bxa4 bxa4 50. f6 a3 51. f7 a2 52. f8=Q a1=Q+ 53. Kg6 Qh1 54. Kg5 Qg2+ 55. Kh4 Qh2+ 56. Kg4 Qg2+ 57. Kh4 Qg6 58. Qa8 Qe4+ 59. Kg3 Kd6 60. Kf2 Ke5 61. Qb7 Kd5 62. Qa8 Kd4 63. Qa1+ Kc5 64. Qa5+ Kd6 65. Qd8+ Ke5 66. Qe7+ Kd4 67. Qb4+ Kd5 68. Qb7 Kc4 69. Qb6 Kc3 70. Qc5+ Kd2 71. Qa5+ Kc1 72. Qa3+ Kc2 73. Qa2+ Kc1 74. Qa3+ Kd2 75. Qa5+ Kd3 76. Qa3+ Kd4 77. Qa4+ Kd5 78. Qa8 Qc2+ 79. Ke3 Kc5 80. Qb7 Kd5 81. Qa8 Qc3+ 82. Ke2 Kd4 83. Qh8+ Kc4 84. Qg8+ Kb4 85. Qb8+ Ka3 86. Qa7+ Kb2 87. Qb7+ Kc1 88. Qa7 c5 89. Qa8 Qd2+ 90. Kf3 Qd4 91. Qa3+ Kc2 92. Qa7 Qd5+ 93. Ke3 Qe5+ 94. Kf3 c4 95. Qa4+ Kb2 96. Qxc4 Qc3+ 97. Qxc3+ Kxc3 1/2-1/2

[Event "31st Roquetas de Mar Open 2020"]
[Site "Roquetas de Mar"]
[Date "2020.01.05"]
[Round "5.14"]
[White "Kumar, Nikhil"]
[Black "Villanueva, Mario"]
[Result "1/2-1/2"]
[WhiteElo "2315"]
[BlackElo "2488"]
[Annotator "TA"]
[PlyCount "85"]
[EventDate "2020.01.02"]
[EventType "swiss"]
[EventCountry "ESP"]
[SourceTitle "playchess.com"]
[Source "ChessBase"]
[SourceQuality "1"]

{[%evp 14,85,2,4,34,18,22,0,0,0,0,-40,-43,-49,-38,-35,-31,-47,-31,-77,-86,-111,-18,-25,0,3,22,22,22,20,17,23,23,22,28,16,32,15,31,23,39,39,39,39,39,11,54,52,58,48,72,39,39,33,33,40,44,33,64,62,58,8,16,15,23,0,0,0,0,0,0,0,0,0]} 1. d4 e6 2. Nf3 Nf6 3. g3 c5 4. c4 cxd4 5. Nxd4 d5 6. Bg2 e5 7. Nb3 d4 8. O-O Nc6 {E01: Catalan: Early deviations} 9. f4 (9. Bg5 Be7 10. e3 Bg4 11. Qd2 O-O 12. exd4 exd4 13. Bxc6 bxc6 14. Qxd4 Qc8 15. Re1 Rd8 16. Qe3 {½-½ (26) Li,C (2732)-Dubov,D (2696) Liaocheng 2018}) 9... h5 10. Na3 $146 ({Predecessor:} 10. e3 Bg4 11. Qd2 d3 12. Nc3 Bb4 13. a3 Bxc3 14. Qxc3 Be2 15. Bxc6+ bxc6 16. Qxe5+ {0-1 (29) Minko,V (2381)-Halkias,S (2571) Riadh 2017}) 10... h4 11. fxe5 Ng4 $1 12. Bxc6+ (12. Nb5 {is interesting.} hxg3 13. hxg3 a6 14. Bxc6+ bxc6 15. N5xd4 Nh2 16. Rf2) 12... bxc6 13. Qxd4 Qxd4+ 14. Nxd4 hxg3 15. hxg3 Rh3 16. Bf4 {[#]} g5 $1 {[%cal Rg5f4]} 17. Bxg5 {[#]} Rxg3+ (17... Rb8 $1 $17 18. Nb3 Rxg3+ 19. Kh1 Ne3 20. Bxe3 Rxe3) 18. Kh1 $11 Bxa3 19. bxa3 Nxe5 20. Bf4 Rh3+ 21. Kg2 Nxc4 22. Rf3 Rxf3 23. exf3 Bd7 24. Re1+ Kd8 25. Rc1 Nb6 26. Bg5+ Kc8 27. Nxc6 Bxc6 28. Rxc6+ $14 {[%mdl 4096] Endgame KRB-KRN} Kd7 $1 {[%cal Rd7c6]} 29. Rf6 Rf8 (29... Rg8 $5 {[%cal Rg8g5]} 30. Rxf7+ Ke6 31. Rf6+ Kd7 $16) 30. Kf2 Nd5 31. Ra6 Rc8 32. Rxa7+ Ke6 33. Ke2 Rc2+ 34. Bd2 Rxa2 35. Kd3 f6 36. Ra6+ Ke5 37. a4 f5 38. Ra5 Kd6 39. f4 Kc6 {The position is equal.} 40. Ra6+ Kc5 41. Ra5+ Kc6 42. Bc1 Ra1 43. Bd2 {Accuracy: White = 48%, Black = 74%.} 1/2-1/2